MDQL
is popping MORE tags! Check the
thread
!
Quizzes
Events
Quiz Creation
Community
Videos
Private Events
Remove Ads
Sign In
Join for FREE
Feedback
Dark Mode
Quiz Categories
Sports
Geography
Music
Movies
Television
Just For Fun
Miscellaneous
History
Literature
Language
Science
Gaming
Entertainment
Religion
Holiday
For Kids
Quiz Lab
Recent
Popular Today
Quiz Kudos Today
Editor Picks
Curator Picks
Quizzes by...
Day
Popularity
Type
Ratings
Length
Year
Community
Subscriptions
Recent Discussions
Orange Saloon
Badges
Playlists
Quests
Create
Leaderboards
Showdown
Live 5
Trivia Bingo
Activity
Puzzle Library
Sporcle Events
Private Events
Virtual Trivia
Globe League
Become a Host
Pub Owners
SporcleCon
Opinionation
Our Games
Videos
Blog
Mobile Apps
Partnerships
Remove Ads and Go Orange
Feedback
Geography
Country
Landmarks
City
State
Population
World
Capital
Continent
Flags
Europe
Africa
Asia
South America
North America
Oceania
Border
Canada
United Kingdom
Topography
United States
Geography
Country
Landmarks
City
State
Population
World
Capital
Continent
Flags
Europe
Africa
Asia
South America
North America
Oceania
Border
Canada
United Kingdom
Topography
United States
Random Quiz
Search Sporcle
×
Quiz Lab
Quiz Lab
Geography
Type in answers that appear in a list
Type in answers that appear in a list
Classic
Best Score? Go Orange.
Gadenavne i 8732 Hovedgård Stats
Can you name the Gadenavne i 8732 Hovedgård?
By
herrlassen
10m
71 Questions
2 Plays
2 Plays
2 Plays
Comments
Comments
Give Quiz Kudos
Give Quiz Kudos
-
- Ratings
hide this ad
Replay
Link that replays current quiz
Next Quiz
Link to next quiz in quiz playlist
You Got
0%
They Got
Avg Score
2%
Avg Friend Score
Upgrade to see
Score Distribution
Jump to the score distribution portion of the page
Score
0/71
Timer
10:00
0
Plays Today
% Correct
Kirkevej
100%
Horsensvej
50%
Vestergade
50%
Assendrupvej
0%
Bakkevej
0%
Ballebovej
0%
Birkevænget
0%
Brørupvej
0%
Coldingvej
0%
Daugårdsvej
0%
Edelsmindevej
0%
Elbjergvej
0%
Elbækvej
0%
Engmarksvej
0%
Engmosevej
0%
Engvangen
0%
Espevej
0%
Fruenshave
0%
Frydsvej
0%
Gammeltoftevej
0%
Gl Kattrupvej
0%
Gl Tebstrupvej
0%
Gl Århusvej
0%
Grumstrupvej
0%
Grønnegade
0%
Hadrupvej
0%
Hedemølle Kirkevej
0%
Hedemøllevej
0%
Heilesenvænget
0%
Hovedgårdvej
0%
Industriområdet
0%
Katrinelundsvej
0%
Kattrupmade
0%
Kirkedalsvej
0%
Krogstrupvej
0%
Krøruplundvej
0%
% Correct
Kråsigvej
0%
Kærsholmvej
0%
Langdammen
0%
Lundgårdevej
0%
Mosbjergvej
0%
Møllevej
0%
N P Danmarksvej
0%
Nylandsvej
0%
Nørregade
0%
Oudrupgårdsvej
0%
Overby Skovvej
0%
Overbyvej
0%
P C Jensensvej
0%
Præstevænget
0%
Skolebakken
0%
Skovbrynet
0%
Skovparken
0%
Skråvej
0%
Snareskovvej
0%
Sogneskellet
0%
Stationsvej
0%
Søkærvej
0%
Søndervænget
0%
Testrupvej
0%
Tornbjerg
0%
Troldkirkevej
0%
Tvilhøj
0%
Vandværksvej
0%
Vedsletvej
0%
Vinkelvej
0%
Vinthervej
0%
Ørredvej
0%
Ørridslevvej
0%
Ørskovbæk Parken
0%
Østergade
0%
Quiz Playlist
Details
Report
Send in Message
Add To Playlist
Classic:
Type in answers that appear in a list
Last Updated: Feb 16, 2017
Quiz Scoreboard
CHALLENGE
Sign Up to Join the Scoreboard
Show All
Scores
Hide
Comments
May contain spoilers
Recently Published
1-10 Letter E Words III
by El_Dandy
Language
2m
Street Fighter Characters
by Artimus82
Gaming
60s
College Basketball Coaching Resumes
by pancakes188
Sports
9m
More to Explore
Quiz From the Vault
Featured Blog Post
Where Did the Easter Bunny Come From?
hide this ad
You Might Also Like...
Tags
This quiz does not have any tags.
Today's Top Quizzes in Geography
Browse Geography
hide this ad
Top Contributed Quizzes in Geography
1
Countries of the World - No Outlines Minefield
2
Top 25 Cities of France on a map
3
Any capital of a 'B' country per Continent
4
Any capital of a 'C' country per Continent
5
Closest Countries to UK A-Z
6
Any capital of a 'D' country per Continent
7
5-to-1: US Geography No Hints
8
Any capital of an 'E' country per Continent
9
Find the US States - No Outlines
10
Any capital of an 'F' country per Continent
Explore More
Trending Topics
Crossword
Marvel
Harry Potter
Disney
NBA
Kpop
Anime
Soccer
Pokémon
Puzzle
NFL
WWE
Country
Song
The Office
hide this ad
More By:
herrlassen
Quiz
Plays
Rating
Category
Featured
Created
No Hint Sorting Gryn
11
Miscellaneous
Dec 15, 2016
No Hint Sorting MMJ
5
Miscellaneous
Dec 16, 2016
Gadenavne i 8732 Hovedgård
2
5.00
Geography
May 13, 2016
Go to Creator's Profile
Score Distribution
Quiz Creator Spotlight
herrlassen
Follow
Send a Message
Quizzes Created
-
Created Quiz Play Count
-
More By This Creator
Popular Quizzes Today
1
Find the US States - No Outlines Minefield
2
Find the Countries of Europe - No Outlines Minefield
3
The Countries of the World
4
Find the US States
5
Risky Map Clicking: Biggest States A-Z
6
US States
7
Popular People in 1961
8
Movies - When Are They Set?
More Geography Quizzes
Group Clicking: USA - No Map Minefield
Curator's Pick
Trending Quizzes
Risky Map Clicking: Least Populous States A-Z
1-10 Letter G Words
1-10 Letter F Words
Countries of the World: 200 Million BC
Risky Map Clicking: Next State Alphabetically
Recently Updated
Rides in Walt Disney World
pecheneg
Most Oscar Losses (Acting)
pecheneg
Beyoncé Albums
pecheneg
Leaping Animals
pecheneg
Reality TV Shows (A-Z)
bhenderson79
Rickey Henderson's Hall of Fame Teammates
pecheneg
Champions League XIs: Arsenal
pecheneg
Quick Pick: Celebrities in WWE's Hall of Fame
aduchscher
A-Z Keypad Blitz II
pecheneg
Multiple Oscar Actors
pecheneg
Trending Topics
Marvel
Kpop
Anime
Harry Potter
NBA
Crossword
Disney
The Office
Country
NFL
Soccer
WWE
Pokémon
Puzzle
Song
Your Account Isn't Verified!
In order to create a playlist on Sporcle, you need to verify the email address you used during registration. Go to your
Sporcle Settings
to finish the process.
Report this User
Report this user for behavior that violates our
Community Guidelines
.
Details:
Send Report
Go to the Sporcle.com Mobile Site →
Comments